Score 0/20 Timer 02:00
0 Plays Today
Song Missing Word % Correct
I Want to Hold Your
________
Hand
98.6%
Da Ya ________ I'm Sexy?Think
93.8%
Stayin' ________Alive
92.9%
Livin' on a ________Prayer
88.5%
Blinded by the ________Light
86.5%
I'm Too ________Sexy
80.8%
________ ChameleonKarma
80.6%
________ RockCrocodile
78.5%
50 Ways to ________ Your LoverLeave
78.5%
Careless ________Whisper
70.3%
Song Missing Word % Correct
Duke of ________Earl
68.3%
My Life Would ________ Without YouSuck
61.8%
________ PeopleEveryday
47.6%
________ UpStraight
47.5%
________ ShopThrift
47.2%
You're No ________Good
45.8%
Gonna Make You ________ (Everybody Dance Now)Sweat
44.7%
U Got It ________Bad
44.7%
Angel of ________Mine
32.3%
One ________ DaySweet
25.5%

Today's Daily Dose

Remove Ads.
Support Sporcle.
Get the best of Sporcle when you Go Orange. This ad-free experience offers more features, more stats, and more fun while also helping to support Sporcle. Thank you for becoming a member.

You're not logged in!

Compare scores with friends on all Sporcle quizzes.
OR
Log In

Show Comments

Extras

Top Quizzes Today


Score Distribution

Your Account Isn't Verified!

In order to create a playlist on Sporcle, you need to verify the email address you used during registration. Go to your Sporcle Settings to finish the process.

Report this User

Report this user for behavior that violates our Community Guidelines.

Details: